Jewelry savvy : (Record no. 18379)

000 -LEADER
fixed length control field 01255cam a2200277 a 4500
001 - CONTROL NUMBER
control field 14681409
005 - DATE AND TIME OF LATEST TRANSACTION
control field 20161217113333.0
008 - FIXED-LENGTH DATA ELEMENTS--GENERAL INFORMATION
fixed length control field 061227s2007 caua b 000 0 eng
010 ## - LIBRARY OF CONGRESS CONTROL NUMBER
LC control number 2006103364
020 ## - INTERNATIONAL STANDARD BOOK NUMBER
International Standard Book Number 9780970340757 (alk. paper)
040 ## - CATALOGING SOURCE
Original cataloging agency DLC
Transcribing agency DLC
Modifying agency DLC
050 00 - LIBRARY OF CONGRESS CALL NUMBER
Classification number NK7304
Item number .S55 2007
100 1# - MAIN ENTRY--PERSONAL NAME
Personal name Sliwa, Cynthia A.,
Dates associated with a name 1954-
245 10 - TITLE STATEMENT
Title Jewelry savvy :
Remainder of title what every jewelry wearer should know /
Statement of responsibility, etc. Cynthia A. Sliwa, Caroline Stanley.
250 ## - EDITION STATEMENT
Edition statement 1st ed.
260 ## - PUBLICATION, DISTRIBUTION, ETC. (IMPRINT)
Place of publication, distribution, etc. [Redondo Beach, CA] :
Name of publisher, distributor, etc. Jewels on Jewels, Inc.,
Date of publication, distribution, etc. c2007.
300 ## - PHYSICAL DESCRIPTION
Extent 224 p. :
Other physical details ill. ;
Dimensions 26 cm.
504 ## - BIBLIOGRAPHY, ETC. NOTE
Bibliography, etc Includes bibliographical references (p. 213).
650 #0 - SUBJECT ADDED ENTRY--TOPICAL TERM
Topical term or geographic name as entry element Jewelry
Form subdivision Handbooks, manuals, etc.
700 1# - ADDED ENTRY--PERSONAL NAME
Personal name Stanley, Caroline,
Dates associated with a name 1964-
856 41 - ELECTRONIC LOCATION AND ACCESS
Materials specified Table of contents only
Uniform Resource Identifier <a href="http://www.loc.gov/catdir/toc/ecip077/2006103364.html">http://www.loc.gov/catdir/toc/ecip077/2006103364.html</a>
906 ## - LOCAL DATA ELEMENT F, LDF (RLIN)
a 7
b cbc
c orignew
d 1
e ecip
f 20
g y-gencatlg
942 ## - ADDED ENTRY ELEMENTS (KOHA)
Source of classification or shelving scheme
Koha item type Hard Covered Materials
Classification part NK7304 .S55 2007
Holdings
Withdrawn status Lost status Source of classification or shelving scheme Damaged status Not for loan Home library Current library Shelving location Date acquired Source of acquisition Total Checkouts Full call number Barcode Date last seen Price effective from Koha item type
          MACHAKOS UNIVERSITY LIBRARY MACHAKOS UNIVERSITY LIBRARY Technical section 17/12/2016 Donation(B.F.A)   NK7304 .S55 2007 29244 08/06/2018 17/12/2016 Hard Covered Materials
© Machakos University Library, Along The Highway, Machakos Wote Rd, Machakos, Kenya P.O. Box 136 - 90100 Machakos - Kenya

Tel: ( +254 ) 723 805829 OR Fax : 044-20353 OR Email: library@mksu.ac.ke